| 000 | 01492nam0a2200373 4500 | ||
|---|---|---|---|
| 001 | RU\NLR\bibl\298121 | ||
| 005 | 20260405123724.0 | ||
| 010 |
_a5-89428-082-6 _9100 |
||
| 021 |
_aRU _b2002-11498 _9568 |
||
| 035 | _a(NLR Aleph) 000293422 | ||
| 090 |
_a1718380 _c1718380 |
||
| 100 | _a20020801d2001 |||y0rusy50 ca | ||
| 101 | 0 | _arus | |
| 102 | _aRU | ||
| 105 | _ay ||||||||| | ||
| 200 | 1 |
_aОсновы философской концепции научного авторитета _fА. А. Степанов _gМ-во образования Рос. Федерации, Том. гос. пед. ун-т |
|
| 210 |
_aТомск _cИзд-во Том. гос. пед. ун-та _d2001 |
||
| 215 |
_a243 с. _d20 |
||
| 300 | _aПосвящ. 100-летию Том. гос. пед. ун-та | ||
| 320 | _aБиблиогр. в подстроч. примеч. | ||
| 606 | 0 |
_aАвторитет научный _xФилософские вопросы _92176397 _3RU\NLR\auth\661308997 |
|
| 610 | 0 | _aНаука - Философские проблемы | |
| 675 |
_a124.4 _v3 _zrus |
||
| 686 |
_a02 _2rugasnti |
||
| 686 |
_a87.2 _2rubbk |
||
| 686 | _aЮ251.21 | ||
| 700 | 1 |
_4070 _8rus _7ca _aСтепанов _bА. А. _cд-р филос. наук _gАлександр Анатольевич _3RU\NLR\auth\7749330 _932265 |
|
| 801 | 0 |
_aRU _bRKP _c20020801 _gPSBO |
|
| 801 | 1 |
_aRU _bRKP _c20020801 |
|
| 801 | 2 |
_aRU _bNLR _c20070312 _grcr |
|
| 942 | _cBOOK | ||
| 980 | _aNB | ||
| 980 | _aNBR | ||